000 00631aas a2200193 4500
999 _c63514
_d63514
001 768714001
003 CO-MdFUSB
005 20171027111702.0
008 171027s2010 ck ||||| |||| 00| 0 spa d
022 _a2145-8197
040 _aCO-MdFUSB
_bspa
_cCO-MdFUSB
_dCO-MdFUSB
041 _aspa
245 0 _aFirman acuerdo de paz con "Paras"
_c/ El Tiempo
300 _aNúmero 10 (2010), página 14
_c: 28 cm.
520 1 _aLey aprobada por el Congreso permite pena de 8 años a cambio de la verdad y la reparación
650 1 4 _aHISTORIA
773 0 _tdk100
_049432
_959929
_gNúmero 10 (2010), página 14
_qPágina 14
942 _cANA